| 000 | 00665nam a2200217 a 4500 | ||
|---|---|---|---|
| 001 | 000019377 | ||
| 005 | 20200929170011.0 | ||
| 008 | 100628s2000 sp ac 000 0 spa d | ||
| 020 | _a8497645790 | ||
| 040 |
_aDO-SdBNP _bspa _cBNPHU |
||
| 082 |
_a770 _bM294e |
||
| 100 | 1 |
_aMcwhinnie, Ailsa _941624 |
|
| 245 | 1 | 0 |
_aManual esencial de fotografía / _cAilsa Mcwhinnie. |
| 260 |
_aMadrid : _bEdimat Libros, _c2000. |
||
| 300 |
_a222 p. : _bil. ; retrs. ; _c28 cm. |
||
| 650 | 4 |
_aFotografía _xManuales _941625 |
|
| 650 | 4 |
_aCámaras fotográficas _941626 |
|
| 650 | 4 |
_aFotografía _xEquipo y accesorios _941627 |
|
| 650 | 4 |
_aFotografía digital _941628 |
|
| 049 | _aBNPD | ||
| 999 |
_c18894 _d18894 |
||